| 000 | 00553nam a2200193Ia 4500 | ||
|---|---|---|---|
| 003 | 0100 | ||
| 008 | 130303s9999 xx 000 0 und d | ||
| 040 | _cARRUPELIB | ||
| 050 | _aPR5852.B3 1954 | ||
| 100 | _aWordworth, William | ||
| 245 | 4 | _aThe Prelude with a selection from the Shorter Poems, The Sonnets, The Recluse an | |
| 245 | _bAnd three essays on The Art of poetry | ||
| 260 | _aNY | ||
| 260 | _bHolt, Rinehart Winston Inc | ||
| 260 | _C1954 | ||
| 300 | _a480p | ||
| 700 | _aedited with an introduction by Baker, Carlos | ||
| 942 | 0 | 0 | _01 |
| 999 |
_c53415 _d53415 |
||